Władcy i prezydenci Polski o imieniu Bolesław - Statystyki

Ogólne statystyki
  • Ten quiz został rozwiązany 45 razy
  • Średni wynik to 5 z 9
Statystyki odpowiedzi
Lata Panowania Informacje Dodatkowe Władca/Prezydent % Poprawnych
992–1025 1. król Polski. Książę Czech. Bolesław I Chrobry
97%
1107–1138 Książę małopolski, śląski i sandomierski w latach 1102–1107. Książę małopolski, śląski i sandomierski w latach 1102–1107, książę Polski w latach 1107–1138. Bolesław III Krzywousty
83%
20 września 1944 - 4 lutego 19475 lutego 1947 - 20 listopada 1952 bezpartyjny, popierany przez Polską Partię Robotniczą Bolesław Bierut
80%
1058–1079 3. król Polski Koronowany w 1076 roku Bolesław II Szczodry (Śmiały)
74%
1146–1173 Książę mazowiecki 1138–1173, śląski 1146–1163. Bolesław IV Kędzierzawy
49%
1288–1288 1289–1289 Latem 1289 roku zawarł układ z bratem, Konradem II czerskim, oddając mu w zamian za pomoc zbrojną Sandomierz Bolesław II mazowiecki
31%
1241–1241 Tron objął jako następca ojca. Książę śląski. Bolesław II Rogatka
31%
1243–1279 Powołany na tron przez możnych. Bolesław V Wstydliwy
20%
25 września 1939 - 29 września 1939 związany z Obozem Zjednoczenia Narodowego Bolesław Wieniawa-Długoszowski
9%
Nie znaleziono quizów pasujących do podanych kryteriów
Rozkład punktacji
Procent ludzi z każdym wynikiem
Percentyl według liczby udzielonych odpowiedzi
Twoja historia wyników
Nie rozwiązałeś tego quizu